000 00653nac a22001691u 4500
008 080901s1960 ua||||||r||| 000 0 ra d
082 _a160
_bغ ز ا
_222
245 _aمنطق تهافت الفلاسفة المسمي معيار العلم /
_cللإمام الغزالي ؛ تحقيق سليمان دنيا
260 _aالقاهرة :
_bدار المعارف، 1961.
_c1961.
300 _a400 ص ؛
_c24 سم
500 _aيحتوي علي فهارس
511 _aCatalogued by: Sara
541 _aألف باء ؛
650 _aالمنطق
_913686
650 _aالاستقراء
_916516
942 _cBB
_k160 غ ز ا
_2ddc
999 _c7414
_d7414